Relació de disposicions difoses per la Biblioteca general administrativa i punt d’informació oficial : mes d'abril de 1999 mes d'abril de 1999
Publicado:
Barcelona :
Diputació de Barcelona. Àrea de Règim Interior, Hisenda i Planificació ,
1999
Descripción Física:
[68] p. ; 30 cm
Colección:
Butlletí de disposicions ; 18
MARC
| LEADER | 00000nam a2200000Ia 4500 | ||
|---|---|---|---|
| 001 | 24170 | ||
| 003 | BGR | ||
| 005 | 20260324180624.0 | ||
| 008 | 160829s1999 xx 000 0 cat d | ||
| 080 | |a Bib-169 | ||
| 245 | |a Relació de disposicions difoses per la Biblioteca general administrativa i punt d’informació oficial : |b mes d'abril de 1999 | ||
| 260 | |a Barcelona : |b Diputació de Barcelona. Àrea de Règim Interior, Hisenda i Planificació, |c 1999 | ||
| 300 | |a [68] p. ; |c 30 cm | ||
| 490 | |a Butlletí de disposicions ; 18 | ||
| 650 | |a Barcelona. Diputació. Biblioteca General Administrativa -- Revistes |9 50358 | ||
| 650 | 0 | |a Administració pública |v Revistes |9 50359 | |
| 710 | 1 | |a Barcelona (Catalunya : Província). |b Diputació |9 52408 | |
| 901 | |a Arxiu | ||
| 942 | |n 1 |2 udc |c MON | ||
| 952 | |0 0 |1 0 |4 0 |6 BIB169 |7 1 |9 55988 |a Arxiu |b Arxiu |d 2016-12-01 |l 0 |o Bib-169 |p 24170 |r 2016-12-01 00:00:00 |w 2016-12-01 |y ARXIU | ||
| 999 | |c 59861 |d 59861 | ||